Bad boy
| Main Author: | |
|---|---|
| Format: | Book |
| Published: |
London :
HarperCollins Publishers ,
2005
|
| Subjects: |
MARC
| LEADER | 00000cam a2200000 7i4500 | ||
|---|---|---|---|
| 001 | 0000008099 | ||
| 005 | 20080117.0 | ||
| 008 | 070911 | ||
| 020 | |a 0006514375 | ||
| 090 | 0 | 0 | |a GOL |b ENG |
| 100 | 1 | |a Goldsmith, Olivia | |
| 245 | 1 | 0 | |a Bad boy |c Olivia Goldsmith |
| 260 | |a London : |b HarperCollins Publishers , |c 2005 | ||
| 650 | 0 | |a English fiction | |
| 999 | |a 0000992412 |b Book |c Adult Collection |e Perbadanan Perpustakaan Awam Johor | ||
| 999 | |a 0000992413 |b Book |c Adult Collection |e Perbadanan Perpustakaan Awam Johor | ||